<?xml version="1.0" encoding="UTF-8"?>
<marc:record xmlns:marc="http://www.loc.gov/MARC21/slim" type="Bibliographic">
   <marc:leader>00000pam a2200000 c 4500</marc:leader>
   <marc:controlfield tag="001">1013965817</marc:controlfield>
   <marc:controlfield tag="003">DE-101</marc:controlfield>
   <marc:controlfield tag="005">20171202205158.0</marc:controlfield>
   <marc:controlfield tag="007">tu</marc:controlfield>
   <marc:controlfield tag="008">110801s2011    gw ||||| |||| 00||||ger  </marc:controlfield>
   <marc:datafield ind1=" " ind2=" " tag="015">
      <marc:subfield code="a">11,A47</marc:subfield>
      <marc:subfield code="z">11,N32</marc:subfield>
      <marc:subfield code="2">dnb</marc:subfield>
   </marc:datafield>
   <marc:datafield ind1="7" ind2=" " tag="016">
      <marc:subfield code="2">DE-101</marc:subfield>
      <marc:subfield code="a">1013965817</marc:subfield>
   </marc:datafield>
   <marc:datafield ind1=" " ind2=" " tag="020">
      <marc:subfield code="a">9783933519511</marc:subfield>
      <marc:subfield code="c">kart. : EUR 12.80 (DE)</marc:subfield>
      <marc:subfield code="9">978-3-933519-51-1</marc:subfield>
   </marc:datafield>
   <marc:datafield ind1="3" ind2=" " tag="024">
      <marc:subfield code="a">9783933519511</marc:subfield>
   </marc:datafield>
   <marc:datafield ind1="5" ind2="2" tag="028">
      <marc:subfield code="a">Best.-Nr.: 3933519511</marc:subfield>
   </marc:datafield>
   <marc:datafield ind1=" " ind2=" " tag="035">
      <marc:subfield code="a">(DE-599)DNB1013965817</marc:subfield>
   </marc:datafield>
   <marc:datafield ind1=" " ind2=" " tag="035">
      <marc:subfield code="a">(OCoLC)766005796</marc:subfield>
   </marc:datafield>
   <marc:datafield ind1=" " ind2=" " tag="040">
      <marc:subfield code="a">1145</marc:subfield>
      <marc:subfield code="b">ger</marc:subfield>
      <marc:subfield code="c">DE-101</marc:subfield>
      <marc:subfield code="d">9999</marc:subfield>
   </marc:datafield>
   <marc:datafield ind1=" " ind2=" " tag="041">
      <marc:subfield code="a">ger</marc:subfield>
   </marc:datafield>
   <marc:datafield ind1=" " ind2=" " tag="044">
      <marc:subfield code="c">XA-DE-NW</marc:subfield>
   </marc:datafield>
   <marc:datafield ind1="7" ind2="4" tag="082">
      <marc:subfield code="a">830</marc:subfield>
      <marc:subfield code="a">B</marc:subfield>
      <marc:subfield code="q">DE-101</marc:subfield>
      <marc:subfield code="2">22sdnb</marc:subfield>
   </marc:datafield>
   <marc:datafield ind1=" " ind2=" " tag="090">
      <marc:subfield code="a">b</marc:subfield>
   </marc:datafield>
   <marc:datafield ind1="1" ind2=" " tag="100">
      <marc:subfield code="0">(DE-588)1047772566</marc:subfield>
      <marc:subfield code="0">http://d-nb.info/gnd/1047772566</marc:subfield>
      <marc:subfield code="0">(DE-101)1047772566</marc:subfield>
      <marc:subfield code="a">Reichart, Andrea</marc:subfield>
      <marc:subfield code="e">Verfasser</marc:subfield>
      <marc:subfield code="4">aut</marc:subfield>
   </marc:datafield>
   <marc:datafield ind1="0" ind2="0" tag="245">
      <marc:subfield code="a">Nenn mich Norbert</marc:subfield>
      <marc:subfield code="b">Roman</marc:subfield>
      <marc:subfield code="c">Andrea Reichart</marc:subfield>
   </marc:datafield>
   <marc:datafield ind1=" " ind2="1" tag="264">
      <marc:subfield code="a">Iserlohn</marc:subfield>
      <marc:subfield code="b">Mönnig</marc:subfield>
      <marc:subfield code="c">2011</marc:subfield>
   </marc:datafield>
   <marc:datafield ind1=" " ind2=" " tag="300">
      <marc:subfield code="a">254 S.</marc:subfield>
      <marc:subfield code="c">17 cm, 256 g</marc:subfield>
   </marc:datafield>
   <marc:datafield ind1=" " ind2=" " tag="336">
      <marc:subfield code="a">Text</marc:subfield>
      <marc:subfield code="b">txt</marc:subfield>
      <marc:subfield code="2">rdacontent</marc:subfield>
   </marc:datafield>
   <marc:datafield ind1=" " ind2=" " tag="337">
      <marc:subfield code="a">ohne Hilfsmittel zu benutzen</marc:subfield>
      <marc:subfield code="b">n</marc:subfield>
      <marc:subfield code="2">rdamedia</marc:subfield>
   </marc:datafield>
   <marc:datafield ind1=" " ind2=" " tag="338">
      <marc:subfield code="a">Band</marc:subfield>
      <marc:subfield code="b">nc</marc:subfield>
      <marc:subfield code="2">rdacarrier</marc:subfield>
   </marc:datafield>
   <marc:datafield ind1=" " ind2="7" tag="650">
      <marc:subfield code="0">(DE-588)4290912-0</marc:subfield>
      <marc:subfield code="0">http://d-nb.info/gnd/4290912-0</marc:subfield>
      <marc:subfield code="0">(DE-101)042909120</marc:subfield>
      <marc:subfield code="a">Literarischer Agent</marc:subfield>
      <marc:subfield code="2">gnd</marc:subfield>
   </marc:datafield>
   <marc:datafield ind1=" " ind2="7" tag="650">
      <marc:subfield code="0">(DE-588)4122258-1</marc:subfield>
      <marc:subfield code="0">http://d-nb.info/gnd/4122258-1</marc:subfield>
      <marc:subfield code="0">(DE-101)04122258X</marc:subfield>
      <marc:subfield code="a">Lebenskrise</marc:subfield>
      <marc:subfield code="2">gnd</marc:subfield>
   </marc:datafield>
   <marc:datafield ind1=" " ind2="7" tag="650">
      <marc:subfield code="0">(DE-588)4018480-8</marc:subfield>
      <marc:subfield code="0">http://d-nb.info/gnd/4018480-8</marc:subfield>
      <marc:subfield code="0">(DE-101)040184803</marc:subfield>
      <marc:subfield code="a">Freundschaft</marc:subfield>
      <marc:subfield code="2">gnd</marc:subfield>
   </marc:datafield>
   <marc:datafield ind1=" " ind2="7" tag="650">
      <marc:subfield code="0">(DE-588)4026181-5</marc:subfield>
      <marc:subfield code="0">http://d-nb.info/gnd/4026181-5</marc:subfield>
      <marc:subfield code="0">(DE-101)040261816</marc:subfield>
      <marc:subfield code="a">Hund</marc:subfield>
      <marc:subfield code="2">gnd</marc:subfield>
   </marc:datafield>
   <marc:datafield ind1=" " ind2=" " tag="653">
      <marc:subfield code="a">(Produktform)Paperback / softback</marc:subfield>
   </marc:datafield>
   <marc:datafield ind1=" " ind2=" " tag="653">
      <marc:subfield code="a">(Zielgruppe)Dieses spannende Buch ist nicht nur interessant für Hundefreunde sondern auch für die Menschen, die ihre Augen für das wirkliche Leben mit seinen Höhen und Tiefen nicht verschließen. So lernen sie den reichen Literaturagenten Norbert kennen, der sich nach dem Tod seiner Frau nicht nur mit dem Landleben auseinandersetzen muss, sondern auch noch ihren letzten Wunsch erfüllt, sich einen Hund zu besorgen. Als der Hund, der auch Norbert heißt, in sein Leben tritt, beginnt die Reise seines Lebens, die ihn am Ende bis nach Thailand führt. Dort findet er mit Hilfe seines neuen Freundes nicht nur die Liebe seines Lebens, sondern begreift auch, warum Millionen Menschen für ihren Vierbeiner durch die Hölle gehen - und wieder zurück.</marc:subfield>
   </marc:datafield>
   <marc:datafield ind1=" " ind2=" " tag="653">
      <marc:subfield code="a">(Lesealter)ab 18 Jahre bis 100 Jahre</marc:subfield>
   </marc:datafield>
   <marc:datafield ind1=" " ind2=" " tag="653">
      <marc:subfield code="a">(VLB-WN)2110: Taschenbuch / Belletristik/Erzählende Literatur</marc:subfield>
   </marc:datafield>
   <marc:datafield ind1=" " ind2="7" tag="655">
      <marc:subfield code="0">(DE-588)1071854844</marc:subfield>
      <marc:subfield code="0">http://d-nb.info/gnd/1071854844</marc:subfield>
      <marc:subfield code="0">(DE-101)1071854844</marc:subfield>
      <marc:subfield code="a">Fiktionale Darstellung</marc:subfield>
      <marc:subfield code="2">gnd-content</marc:subfield>
   </marc:datafield>
   <marc:datafield ind1=" " ind2="7" tag="655">
      <marc:subfield code="a">Belletristische Darstellung</marc:subfield>
      <marc:subfield code="2">gnd</marc:subfield>
   </marc:datafield>
   <marc:datafield ind1="0" ind2="0" tag="689">
      <marc:subfield code="0">(DE-588)4290912-0</marc:subfield>
      <marc:subfield code="0">http://d-nb.info/gnd/4290912-0</marc:subfield>
      <marc:subfield code="0">(DE-101)042909120</marc:subfield>
      <marc:subfield code="D">s</marc:subfield>
      <marc:subfield code="a">Literarischer Agent</marc:subfield>
   </marc:datafield>
   <marc:datafield ind1="0" ind2="1" tag="689">
      <marc:subfield code="0">(DE-588)4122258-1</marc:subfield>
      <marc:subfield code="0">http://d-nb.info/gnd/4122258-1</marc:subfield>
      <marc:subfield code="0">(DE-101)04122258X</marc:subfield>
      <marc:subfield code="D">s</marc:subfield>
      <marc:subfield code="a">Lebenskrise</marc:subfield>
   </marc:datafield>
   <marc:datafield ind1="0" ind2="2" tag="689">
      <marc:subfield code="0">(DE-588)4018480-8</marc:subfield>
      <marc:subfield code="0">http://d-nb.info/gnd/4018480-8</marc:subfield>
      <marc:subfield code="0">(DE-101)040184803</marc:subfield>
      <marc:subfield code="D">s</marc:subfield>
      <marc:subfield code="a">Freundschaft</marc:subfield>
   </marc:datafield>
   <marc:datafield ind1="0" ind2="3" tag="689">
      <marc:subfield code="0">(DE-588)4026181-5</marc:subfield>
      <marc:subfield code="0">http://d-nb.info/gnd/4026181-5</marc:subfield>
      <marc:subfield code="0">(DE-101)040261816</marc:subfield>
      <marc:subfield code="D">s</marc:subfield>
      <marc:subfield code="a">Hund</marc:subfield>
   </marc:datafield>
   <marc:datafield ind1="0" ind2="4" tag="689">
      <marc:subfield code="A">f</marc:subfield>
      <marc:subfield code="a">Belletristische Darstellung</marc:subfield>
   </marc:datafield>
   <marc:datafield ind1="0" ind2=" " tag="689">
      <marc:subfield code="5">DE-101</marc:subfield>
      <marc:subfield code="5">DE-101</marc:subfield>
   </marc:datafield>
   <marc:datafield ind1="1" ind2=" " tag="700">
      <marc:subfield code="0">(DE-588)1017191891</marc:subfield>
      <marc:subfield code="0">http://d-nb.info/gnd/1017191891</marc:subfield>
      <marc:subfield code="0">(DE-101)1017191891</marc:subfield>
      <marc:subfield code="a">Bohne, Susanne</marc:subfield>
      <marc:subfield code="e">Mitwirkender</marc:subfield>
      <marc:subfield code="4">ctb</marc:subfield>
   </marc:datafield>
   <marc:datafield ind1=" " ind2=" " tag="850">
      <marc:subfield code="a">DE-101a</marc:subfield>
      <marc:subfield code="a">DE-101b</marc:subfield>
   </marc:datafield>
   <marc:datafield ind1="r" ind2=" " tag="925">
      <marc:subfield code="a">ra</marc:subfield>
   </marc:datafield>
</marc:record>
